000 00625nam a22001937a 4500
999 _c164205
_d164205
005 20190514105050.0
010 _aUR-10110
020 _c250.00
_a9789388105422
035 _aU-8665
037 _bDBAD/PUB
082 _aن
100 _aجيلا نی با نو
245 _aبا ر ش سنگ(نا ول)
_cجيلا نی با نو
246 _b‏Barish-e-Sang(Urdu)
_abyJilani Bano
260 _a Delhi
_bEducational Publishing House
_c2018 ء
270 _a3191،Vakil Street,Kucha Pandit,Lal Kuan,
_bDelhi
_e110006
_k23216162
_l00911123211540
300 _a208ص
_c22 Cm.(bk)
942 _2ddc
_cUR
_hک
_mج ی ل